000 01273nam a22003497a 4500
003 CHAP
005 20220817044106.0
008 060331d2005 mx d r 00110 spa d
010 _a91989
011 _a92961
020 _a9706921877
035 _a103528
040 _cCHAP
090 _aFolleto 17065
100 1 _aAguayo López, Miguel Ángel.
_92614
245 1 0 _aDesarrollando habilidades para trabajar en red... :
_bla gestión de un consorcio de movilidad académica en Asia y el Pacífico: UMAP
_c/por Miguel Ángel Aguayo López, Carlos Salazar Silva y Genoveva Amador Fierros
260 _aColima, Col. :
_bUniversity Mobility in Asia and the Pacific,
_c2005
300 _a35 p. :
_bcuadros
500 _aBilingüe
590 _aBATCH-UPD
_b10
_c20130110
_lUCH01
_h0759
590 _aBATCH-UPD
_b10
_c20130410
_lUCH01
_h0438
590 _aBATCH-UPD
_b10
_c20130913
_lUCH01
_h2324
590 _aCONVERSION
_b10
_c20130109
_lUCH01
_h1351
650 1 4 _aEducación superior.
650 1 4 _aIntercambio educativo.
_959522
700 1 _aAmador Fierros, Genoveva
_95073
700 1 _aSalazar Silva, Carlos
_9101451
901 _aBK
905 _aMarco A. Mendoza T.
942 _cFOLL
949 _aFolleto 17065
_bBC
_cFOLL
_d00000001035281
_eTS1
_gDonaciØn
_i103528
_sb
999 _c91989
_d91989